Crítica de la información de masas / (Registro nro. 28237)
[ vista simple ]
| 000 -LEADER | |
|---|---|
| fixed length control field | 01307cam a2200313 i 4500 |
| 001 - CONTROL NUMBER | |
| control field | 28237 |
| 003 - CONTROL NUMBER IDENTIFIER | |
| control field | Mx-PuUPA |
| 005 - DATE AND TIME OF LATEST TRANSACTION | |
| control field | 20260302140832.0 |
| 008 - FIXED-LENGTH DATA ELEMENTS--GENERAL INFORMATION | |
| fixed length control field | 140415s2019 mx a gr 000 0 spa d |
| 020 ## - INTERNATIONAL STANDARD BOOK NUMBER | |
| International Standard Book Number | 9786071735980 |
| 040 ## - CATALOGING SOURCE | |
| Original cataloging agency | Mx-PuUPA |
| Language of cataloging | spa |
| Transcribing agency | Mx-PuUPA |
| Modifying agency | Mx-PuUPA |
| Description conventions | rda |
| 041 0# - LANGUAGE CODE | |
| Language code of text/sound track or separate title | spa |
| 100 1# - MAIN ENTRY--PERSONAL NAME | |
| Personal name | Toussaint Alcaraz, Florence, |
| Relator term | autor |
| 9 (RLIN) | 14902 |
| 245 10 - TITLE STATEMENT | |
| Title | Crítica de la información de masas / |
| Statement of responsibility, etc. | Florence Toussaint |
| 250 ## - EDITION STATEMENT | |
| Edition statement | Quinta edición / |
| Remainder of edition statement | mayo |
| 264 #1 - PRODUCTION, PUBLICATION, DISTRIBUTION, MANUFACTURE, AND COPYRIGHT NOTICE | |
| Place of production, publication, distribution, manufacture | Ciudad de México : |
| Name of producer, publisher, distributor, manufacturer | Editorial Trillas ; |
| Date of production, publication, distribution, manufacture, or copyright notice | ©2019 |
| 300 ## - PHYSICAL DESCRIPTION | |
| Extent | 93 Páginas : |
| Other physical details | ilustraciones, diagramas ; |
| Dimensions | 23 cm |
| 336 ## - CONTENT TYPE | |
| Fuente | rdaconten |
| Content type term | texto |
| Content type code | txt |
| 336 ## - CONTENT TYPE | |
| Fuente | rdacontent |
| Content type term | imagen fija |
| Content type code | sti |
| 337 ## - MEDIA TYPE | |
| Media type term | sin medio |
| Source | rdamedia |
| Media type code | n |
| 338 ## - CARRIER TYPE | |
| Carrier type term | volumen |
| Source | rdacarrier |
| Carrier type code | nc |
| 500 ## - GENERAL NOTE | |
| General note | "Comprensión de enunciados teóricos ; Corrientes teóricas ; Análisis semiológico de una imagen". -- Cubierta |
| 650 #7 - SUBJECT ADDED ENTRY--TOPICAL TERM | |
| Source of heading or term | armarc |
| Topical term or geographic name entry element | Comunicación |
| 650 #7 - SUBJECT ADDED ENTRY--TOPICAL TERM | |
| Source of heading or term | armarc |
| Topical term or geographic name entry element | Teoría de la información |
| 775 ## - OTHER EDITION ENTRY | |
| Main entry heading | Toussaint Alcaraz, Florence, |
| Edition | Cuarta edición |
| Place, publisher, and date of publication | México, D. F. : Editorial Trillas, ©2008 |
| Physical description | 120 páginas : ilustraciones, diagramas ; 23 cm |
| Title | Crítica de la información de masas |
| Record control number | (Mx-PuUPA) 41831 |
| International Standard Book Number | 9789682482236 |
| 942 ## - ADDED ENTRY ELEMENTS (KOHA) | |
| Source of classification or shelving scheme | Dewey Decimal Classification |
| Koha item type | Libro |
| Classification part | 302.23 |
| Item part | T72 |
| Withdrawn status | Lost status | Source of classification or shelving scheme | Damaged status | Not for loan | Collection code | Home library | Current library | Shelving location | Date acquired | Total Checkouts | Full call number | Barcode | Date last seen | Price effective from | Koha item type |
|---|---|---|---|---|---|---|---|---|---|---|---|---|---|---|---|
| Dewey Decimal Classification | General | Tehuacán | Tehuacán | Sala general | 15/01/2026 | 302.23 T72 2019 | 968000002793 | 03/03/2026 | 15/01/2026 | Libro |